00394 2200157 4500001002100000005001500021035002000036245003100056100001500087250001700102300003200119260003000151082001000181084001600191650002900207INLIS00000000000062320240826074142 a0010-08240001411 aDalang Cilik /cSeno Subro0 aSeno Subro acetakan ke-1 avi, 58 hlm :bIlus ;c22 cm aSolo :bCV. Deriko,c2007 a791.5 a791.5 SEN d 4aPertunjukan wayang kulit